ՀՀ Գիտությունների ազգային ակադեմիայի հիմնարար գիտական գրադարան  =   Fundamental Scientific Library of NAS RA

Языки народностей Севера: лексика, топонимика : (Record no. 75443)

MARC details
000 -LEADER
fixed length control field 01423-am-a2200229-a-4500
001 - CONTROL NUMBER
control field 000215233
003 - CONTROL NUMBER IDENTIFIER
control field AM-YeHGA
005 - DATE AND TIME OF LATEST TRANSACTION
control field 20250617124231.0
008 - FIXED-LENGTH DATA ELEMENTS--GENERAL INFORMATION
fixed length control field 970708s1988 xxu 000 0 ||| u
040 ## - CATALOGING SOURCE
Original cataloging agency AM-YeHGA
090 ## - LOCALLY ASSIGNED LC-TYPE CALL NUMBER (OCLC); LOCAL CALL NUMBER (RLIN)
-- 76672
245 10 - TITLE STATEMENT
Title Языки народностей Севера: лексика, топонимика :
Remainder of title Сборник научных трудов /
Statement of responsibility, etc. АН СССР, Сиб. отд-ние, Якут. фил., Ин-т яз., лит. и истории, Регион. межвед. комис. по координации комплекс. социал.-экон., мед.-биол. и лингв. пробл. развития народностей Севера ; [Сост. В.А. Роббек, Т.В. Аргунова].
260 0# - PUBLICATION, DISTRIBUTION, ETC.
Place of publication, distribution, etc. Якутск :
Name of publisher, distributor, etc. АН СССР. Сиб. отд-ние. Якутский фил. ,
Date of publication, distribution, etc. 1988.
300 ## - PHYSICAL DESCRIPTION
Extent 79,[1] с. ;
Dimensions 20 см.
500 ## - GENERAL NOTE
General note ամբողջապես կամ մեկ օրացույցային տարվա ընթացքում հրատարակվող մենագրություն 1988
500 ## - GENERAL NOTE
General note այլ
500 ## - GENERAL NOTE
General note Библиогр. в конце ст.
650 #4 - SUBJECT ADDED ENTRY--TOPICAL TERM
Topical term or geographic name entry element Енисейские языки - Сборники
650 #4 - SUBJECT ADDED ENTRY--TOPICAL TERM
Topical term or geographic name entry element Самодийские языки - Сборники
700 1# - ADDED ENTRY--PERSONAL NAME
Personal name Аргунова, Т.В.
710 2# - ADDED ENTRY--CORPORATE NAME
Corporate name or jurisdiction name as entry element Ин-т языка, литературы и истории СО АН СССР. Якутский фил.
Holdings
Withdrawn status Lost status Damaged status Not for loan Collection Home library Current library Date acquired Total checkouts Full call number Barcode Date last seen Price effective from Koha item type Public note
        General Fundamental Scientific Library Fundamental Scientific Library 22/12/2016   809.4/.9(47+57-17) 120607810 22/12/2016 22/12/2016 Գրքեր / Books 30 Days Loan
        General Fundamental Scientific Library Fundamental Scientific Library 22/12/2016   Р2/602566 120602566 22/12/2016 22/12/2016 Գրքեր / Books 30 Days Loan


ՀՀ ԳԱԱ հիմնարար գիտական գրադարան
ՀՀ,Երևան 0019
Մարշալ Բաղրամյան 24/6
հեռախոս:(374-10) 52-47-50
Հետադարձ կապ

All site content, except where otherwise noted, is licensed under a
Creative Commons License